[Event "Ch World (juniors) (under 12)"]
[Site "masterchessopen.com Kemer (Turkey)"]
[Date "2009.11.19"]
[Round "8"]
[White "Zanan Evgeny (RUS)"]
[Black "Gurevich Daniel"]
[Result "1-0"]
[WhiteElo "2111"]
[BlackElo "1972"]

1.e4 c5 2.Nf3 g6 3.c4 Nc6 4.d4 cxd4 5.Nxd4 Nf6 6.Nc3 d6 7.Be2 Nxd4 8.Qxd4 Bg7
9.O-O O-O 10.Qd3 Be6 11.Be3 Ng4 12.Bxg4 Bxg4 13.Bd4 Be6 14.Bxg7 Kxg7 15.Qd4+
Kg8 16.b3 Qa5 17.Rad1 Rac8 18.Kh1 Qc5 19.Qd2 Rfd8 20.f4 Qh5 21.Rde1 a6 22.f5
gxf5 23.exf5 Bxf5 24.Nd5 Rc5 25.Rxf5 {#r} 1-0

[Event "Memorial Baharov (open)"]
[Site "masterchessopen.com Sofia (Bulgaria)"]
[Date "2009.11.21"]
[Round "5"]
[White "Georgiev Emil (BUL)"]
[Black "Nikolov Savko (BUL)"]
[Result "1-0"]
[WhiteElo "1745"]
[BlackElo "1991"]

1.e4 c5 2.Nf3 Nc6 3.d4 cxd4 4.Nxd4 g6 5.c4 Nf6 6.Nc3 Nxd4 7.Qxd4 d6 8.a3 Bg7
9.Be3 O-O 10.Qd1 Qa5 11.Bd3 Nd7 12.Bd2 Nc5 13.Be2 Qd8 14.Qc2 f5 15.Bf3 fxe4
16.Bxe4 Bd7 17.O-O Rb8 18.Bg5 Be5 19.Rfe1 Nxe4 20.Qxe4 Bc6 21.Nd5 Rf7 22.Rad1
Qf8 23.f4 Bf6 24.Bxf6 exf6 25.Ne7+ Kg7 26.Nxc6 bxc6 27.Qxc6 Rxb2 28.Re8 Rb6
29.Qa8 {#r} 1-0

[Event "Czech League 2009/10 (2nd) (a)"]
[Site "masterchessopen.com Czech Republic"]
[Date "2009.11.22"]
[Round "3"]
[White "Chalus Karel (CZE)"]
[Black "Bernasek Vaclav (CZE)"]
[Result "0-1"]
[WhiteElo "2100"]
[BlackElo "2147"]

1.e4 c5 2.Nf3 Nc6 3.d4 cxd4 4.Nxd4 g6 5.c4 Nf6 6.Nc3 Nxd4 7.Qxd4 d6 8.Bg5 Bg7
9.Nd5 O-O 10.Bxf6 exf6 11.O-O-O f5 12.Qd3 fxe4 13.Qxe4 Re8 14.Qf4 b5 15.cxb5
Bf5 16.Bd3 Rc8+ 17.Kb1 Re2 18.Nc3 Rxc3 19.bxc3 Qa5 20.Qc4 Bxc3 21.Bxf5 Qa3
22.Qxe2 Qb4+ 23.Kc2 Qb2+ 24.Kd3 Qxb5+ 25.Ke3 Qc5+ 26.Kf3 Qxf5+ 27.Kg3 Be5+
28.f4 Qxf4+ 29.Kh3 Qh6+ {#R} 0-1

[Event "Ch Slovenia (team)"]
[Site "masterchessopen.com Rogatska Slatina (Slovenia)"]
[Date "2009.12.16"]
[Round "9"]
[White "Sakelsek Tadej (SLO)"]
[Black "Srebrnic Vojko (SLO)"]
[Result "1-0"]
[WhiteElo "2400"]
[BlackElo "2212"]

1.e4 c5 2.Nf3 g6 3.d4 cxd4 4.Nxd4 Nc6 5.c4 Nf6 6.Nc3 d6 7.Be2 Nxd4 8.Qxd4 Bg7
9.Bg5 O-O 10.Qd2 Qa5 11.Rc1 Be6 12.O-O Rfc8 13.b3 a6 14.f4 Rc5 15.Qe3 Rac8
16.f5 gxf5 17.Nd5 Bxd5 18.exd5 R5c7 19.Kh1 Qc5 20.Qxc5 Rxc5 21.Rxf5 b5 22.Re1
bxc4 23.Bxc4 R8c7 24.Be3 Rxc4 25.bxc4 Rxc4 26.Rc1 Re4 27.Rc8+ {#r} 1-0

[Event "Ch Poland (w)"]
[Site "masterchessopen.com Warsaw (Poland)"]
[Date "2010.01.20"]
[Round "1"]
[White "Zawadzka Jolanta (POL)"]
[Black "Adamowicz Katarzyna (POL)"]
[Result "1-0"]
[WhiteElo "2410"]
[BlackElo "2147"]

1.e4 c5 2.Nf3 Nc6 3.d4 cxd4 4.Nxd4 g6 5.c4 Nf6 6.Nc3 d6 7.Be2 Nxd4 8.Qxd4 Bg7
9.Bg5 O-O 10.Qd2 a5 11.O-O a4 12.Rac1 Qa5 13.f3 Re8 14.Rfd1 Be6 15.Nd5 Bxd5
16.cxd5 Qd8 17.Qb4 Nd7 18.Be3 Qa5 19.Qxa5 Rxa5 20.b4 axb3 21.axb3 Ra3 22.Bb5
Rxb3 23.Bxd7 Rd8 24.Bf4 g5 25.Bxg5 h6 26.Ba4 Rb2 27.Bxe7 Ra8 28.Bd7 {#r} 1-0

[Event "Memorial Tr.Siaperas (open)"]
[Site "masterchessopen.com Greece"]
[Date "2010.02.06"]
[Round "1"]
[White "Visvardis Anastasios (GRE)"]
[Black "Ilandzis Spyridon (GRE)"]
[Result "0-1"]
[WhiteElo "1628"]
[BlackElo "2176"]

1.e4 c5 2.Nf3 Nc6 3.d4 cxd4 4.Nxd4 g6 5.c4 Nf6 6.Nc3 Nxd4 7.Qxd4 d6 8.Be2 Bg7
9.O-O O-O 10.f3 Ng4 11.Qd1 Qb6+ 12.Kh1 Nf2+ 13.Rxf2 Qxf2 14.Qd3 Qe1+ 15.Bf1
Be6 16.g3 Bh3 17.Kg1 Bd4+ 18.Be3 Bxe3+ 19.Kh1 Qxa1 20.Nb1 Bxf1 21.Qxf1 Qxb2
{#R} 0-1

[Event "Ch Europe (seniors) (team)"]
[Site "masterchessopen.com Dresden (Germany)"]
[Date "2010.02.15"]
[Round "6"]
[White "Woeber Friedrich (AUT)"]
[Black "Teichmeister Sven (AUT)"]
[Result "1-0"]
[WhiteElo "2207"]
[BlackElo "2087"]

1.e4 c5 2.Nf3 g6 3.d4 cxd4 4.Nxd4 Nc6 5.c4 Nf6 6.Nc3 d6 7.Be2 Nxd4 8.Qxd4 Bg7
9.Be3 O-O 10.Qd2 Be6 11.Rc1 Qa5 12.f3 Rfc8 13.b3 a6 14.Na4 Qxd2+ 15.Kxd2 Nd7
16.Rc2 Rc6 17.Nc3 Rac8 18.Rhc1 f5 19.Nd5 Bxd5 20.exd5 R6c7 21.g4 fxg4 22.fxg4
a5 23.g5 Nc5 24.Bg4 Rf8 25.Ke2 Be5 26.h4 Bf4 27.Rf1 Bxe3 28.Rxf8+ Kxf8 29.Kxe3
e5 30.dxe6 Nxe6 31.Bxe6 Re7 32.Rf2+ {#r} 1-0

[Event "Ch Romania (juniors) (under 12)"]
[Site "masterchessopen.com Voineasa (Romania)"]
[Date "2010.04.09"]
[Round "3"]
[White "Dordai Daniel-Ovidiu"]
[Black "Salim Riza"]
[Result "0-1"]
[WhiteElo "1709"]
[BlackElo "1854"]

1.e4 c5 2.Nf3 Nc6 3.d4 cxd4 4.Nxd4 g6 5.c4 Nf6 6.Nc3 d6 7.Be2 Nxd4 8.Qxd4 Bg7
9.Be3 O-O 10.Qd2 a5 11.Rc1 a4 12.O-O Qa5 13.f3 Be6 14.Bh6 Rfc8 15.Bxg7 Kxg7
16.Nb1 Nd7 17.Qd4+ Qe5 18.Rfd1 Ra6 19.Na3 Rb6 20.Nb5 Rxb5 21.cxb5 Qxd4+ {#R}
0-1

[Event "It (cat.4)"]
[Site "masterchessopen.com Lanus (Argentina)"]
[Date "2010.04.15"]
[Round "4"]
[White "Blit Jacques (ARG)"]
[Black "Nedilsky Diego (ARG)"]
[Result "1-0"]
[WhiteElo "2369"]
[BlackElo "2318"]

1.e4 c5 2.Nf3 g6 3.d4 cxd4 4.Nxd4 Nc6 5.c4 Nf6 6.Nc3 Nxd4 7.Qxd4 d6 8.Bg5 Bg7
9.Be2 O-O 10.Qd2 Be6 11.O-O Qa5 12.Rac1 Rfc8 13.b3 a6 14.f4 b5 15.f5 Bd7 16.e5
b4 17.exf6 bxc3 18.Qxc3 Qc5+ 19.Kh1 exf6 20.Bxf6 Bxf6 21.Qxf6 Bxf5 22.Bf3 Ra7
23.Bd5 Re8 24.Rce1 Re3 25.g4 Rxe1 26.Rxe1 Be6 27.Rxe6 {#r} 1-0

[Event "Tournament (open)"]
[Site "masterchessopen.com Olot (Spain)"]
[Date "2010.06.12"]
[Round "8"]
[White "Vidal Zamora Alex (ESP)"]
[Black "Campo Echevarria Juan Francisco (ESP)"]
[Result "1-0"]
[WhiteElo "2128"]
[BlackElo "2066"]

1.e4 c5 2.Nf3 g6 3.d4 cxd4 4.Nxd4 Nc6 5.c4 Nf6 6.Nc3 d6 7.Be2 Nxd4 8.Qxd4 Bg7
9.O-O O-O 10.Qd1 Be6 11.Be3 Qc8 12.b3 Ng4 13.Bd4 Bxd4 14.Qxd4 Ne5 15.Rae1 a5
16.f4 Nc6 17.Qe3 Nb4 18.Bd3 f6 19.Bb1 Qc5 20.Qxc5 dxc5 21.a3 Nc6 22.Na4 b6
23.Nxb6 Rab8 24.Na4 Nd4 25.Nxc5 Rfd8 {#r} 1-0

[Event "Ch Poland (team) (juniors) (1 liga)"]
[Site "masterchessopen.com Suchedniow (Poland)"]
[Date "2010.07.10"]
[Round "5"]
[White "Wozniak Bartosz (POL)"]
[Black "Jaskolka Tomasz (POL)"]
[Result "0-1"]
[WhiteElo "1883"]
[BlackElo "1923"]

1.e4 c5 2.Nf3 Nc6 3.d4 cxd4 4.Nxd4 g6 5.c4 Nf6 6.Nc3 d6 7.f3 Nxd4 8.Qxd4 Bg7
9.Be2 O-O 10.Bd2 Be6 11.Qd3 Nd7 12.b3 Nc5 13.Qe3 f5 14.exf5 Bxf5 15.O-O Ne6
16.Kh1 Bd4 17.Qh6 Nc5 18.Rac1 Bd3 19.Rce1 e5 20.Nd5 Rf5 21.g4 Rf7 22.Bg5 Qf8
23.Qh4 Bxe2 24.Rxe2 Rxf3 25.Nf6+ Qxf6 26.Bxf6 Rxf1+ 27.Kg2 Rg1+ 28.Kh3 Ne6
29.Qh6 Rf8 30.g5 Nf4+ 31.Kh4 Rxf6 {#R} 0-1

[Event "It (open) (b)"]
[Site "masterchessopen.com Polanica Zdroj (Poland)"]
[Round "5"]
[White "Nowacki Krzysztof (POL)"]
[Black "Lukasiewicz Anna (POL)"]
[Result "0-1"]
[WhiteElo "1848"]
[BlackElo "2096"]

1.e4 c5 2.Nf3 Nc6 3.d4 cxd4 4.Nxd4 g6 5.c4 Nf6 6.Nc3 Nxd4 7.Qxd4 d6 8.Nd5 Bg7
9.Bg5 O-O 10.Bxf6 exf6 11.O-O-O f5 12.Qd2 fxe4 13.Nc3 Bf5 14.Be2 Rc8 15.Nb5 d5
16.g4 Qh4 17.Qxd5 Qxf2 18.Rde1 Rfd8 19.Qxb7 Qe3+ 20.Kb1 Qd2 21.Nxa7 Rb8 22.Rd1
Rxb7 23.Rxd2 Rxd2 {#R} 0-1

[Event "Ch World (juniors) (under 20)"]
[Site "masterchessopen.com Chotowa (Poland)"]
[Date "2010.08.05"]
[Round "3"]
[White "Botta Gabriele (SUI)"]
[Black "Gora Jan (POL)"]
[Result "1-0"]
[WhiteElo "2270"]
[BlackElo "1907"]

1.e4 c5 2.Nf3 Nc6 3.d4 cxd4 4.Nxd4 g6 5.c4 Nf6 6.Nc3 Nxd4 7.Qxd4 d6 8.Be2 Bg7
9.O-O O-O 10.Qd1 Be6 11.Be3 Qc8 12.Qa4 Qc6 13.Qxc6 bxc6 14.Rac1 Ng4 15.Bd2 Ne5
16.b3 f5 17.f4 Nd7 18.Bf3 Rac8 19.Be3 Nf6 20.exf5 gxf5 21.Rfe1 Kf7 22.Bd4 a6
23.Re2 Bd7 24.Rce1 e6 25.Rd1 c5 26.Bf2 Ne8 27.Na4 Bxa4 28.bxa4 Rb8 29.Bh5+ Ke7
30.g4 Nc7 {#r} 1-0

[Event "It (open)"]
[Site "masterchessopen.com Irvine (USA)"]
[Date "2010.08.05"]
[Round "6"]
[White "Brownscombe Tom (USA)"]
[Black "Lazarus Barry J (USA)"]
[Result "1-0"]
[WhiteElo "2168"]
[BlackElo "1803"]

1.e4 c5 2.Nf3 g6 3.d4 cxd4 4.Nxd4 Nc6 5.c4 Nf6 6.Nc3 d6 7.Be2 Nxd4 8.Qxd4 Bg7
9.Be3 O-O 10.Qd2 Be6 11.Rc1 Qa5 12.O-O Rfc8 13.b3 a6 14.Bf3 Rab8 15.a4 Nd7
16.Bd4 Nc5 17.Rb1 Bxd4 18.Qxd4 Qb4 19.Bd1 b5 20.f4 bxa4 21.f5 Nxb3 22.Bxb3
axb3 23.fxe6 fxe6 24.Ne2 Qxc4 25.Rf8+ {#r} 1-0

[Event "Olympiad"]
[Site "masterchessopen.com Khanty Mansyisk (Russia)"]
[Date "2010.10.01"]
[Round "10"]
[White "Vocaturo Daniele (ITA)"]
[Black "Guseinov Gadir (AZE)"]
[Result "1-0"]
[WhiteElo "2581"]
[BlackElo "2611"]

1.e4 c5 2.Nf3 Nc6 3.d4 cxd4 4.Nxd4 g6 5.c4 Nf6 6.Nc3 Nxd4 7.Qxd4 d6 8.Bg5 Bg7
9.Be2 O-O 10.Qd2 a5 11.Rd1 Be6 12.b3 Qb6 13.O-O Rfc8 14.Na4 Qa7 15.Bd3 b6
16.Kh1 Bd7 17.Nc3 a4 18.b4 Be6 19.Qe2 Qb7 20.Rc1 Nd7 21.f4 Bxc3 22.Rxc3 b5
23.c5 f6 24.e5 dxe5 25.Bh6 Bd5 26.Bxb5 Bxg2+ 27.Qxg2 Qxb5 28.Qd5+ Kh8 29.Rd1
Qxb4 30.Rcd3 Nxc5 31.Qd8+ {#r} 1-0

[Event "Tournament (team) (w)"]
[Site "masterchessopen.com Constanza (Romania)"]
[Date "2010.10.06"]
[Round "4"]
[White "Brezeanu Daniela"]
[Black "Salim Arzu"]
[Result "1-0"]
[WhiteElo "1706"]
[BlackElo "1452"]

1.e4 c5 2.Nf3 Nc6 3.d4 cxd4 4.Nxd4 g6 5.c4 Nf6 6.Nc3 Nxd4 7.Qxd4 d6 8.Be2 Bg7
9.Be3 O-O 10.Qd2 Bd7 11.O-O Be6 12.Rac1 Nd7 13.Bh6 Rc8 14.b3 Nc5 15.Bxg7 Kxg7
16.f4 Qb6 17.Kh1 Qc6 18.f5 Bd7 19.Nd5 e6 20.f6+ Kh8 21.Qh6 Rg8 22.Ne7 Qxe4
23.Nxc8 Bxc8 24.Rf3 e5 25.Re3 Qd4 26.Rd1 Qb2 27.Rxd6 Qxa2 28.Rd8 Qb1+ 29.Bd1
Ne6 30.Qxh7+ {#r} 1-0

[Event "Tournament (team) (w)"]
[Site "masterchessopen.com Constanza (Romania)"]
[Date "2010.10.07"]
[Round "6"]
[White "Bratu Andrea (ESP)"]
[Black "Salim Arzu"]
[Result "1-0"]
[WhiteElo "1679"]
[BlackElo "1452"]

1.e4 c5 2.Nf3 Nc6 3.d4 cxd4 4.Nxd4 g6 5.c4 Nf6 6.Nc3 Nxd4 7.Qxd4 d6 8.Be3 Bg7
9.O-O-O O-O 10.Qd2 Bd7 11.f3 a6 12.Kb1 Rc8 13.g4 Be6 14.Nd5 Nd7 15.Be2 Ne5
16.Rc1 Nc6 17.Bb6 Qe8 18.h4 f6 19.f4 Bf7 20.h5 e6 21.Nc3 Qe7 22.Rh2 Nb8 23.Rd1
Rc6 24.Be3 Re8 25.Rdh1 Nd7 26.Qe1 Nb6 27.hxg6 Bxg6 28.Bxb6 Rxb6 29.g5 Bf7
30.Rxh7 Rc6 31.Qh4 {#r} 1-0

[Event "Ch World (juniors) (under 18)"]
[Site "masterchessopen.com Porto Carras (Greece)"]
[Date "2010.10.20"]
[Round "1"]
[White "Dragomirescu Robin (ROM)"]
[Black "Codenotti Marco (ITA)"]
[Result "0-1"]
[WhiteElo "2423"]
[BlackElo "2175"]

1.e4 c5 2.Nf3 Nc6 3.d4 cxd4 4.Nxd4 g6 5.c4 Nf6 6.Nc3 d6 7.Be2 Nxd4 8.Qxd4 Bg7
9.Be3 O-O 10.Qd2 a5 11.O-O a4 12.Rfc1 Qa5 13.Rab1 Be6 14.b3 axb3 15.axb3 Rfc8
16.Qc2 Qb4 17.Bd2 Qb6 18.Be3 Qb4 19.Bf4 Bg4 20.Bd3 Bd7 21.h3 Bc6 22.Kh2 Nh5
23.Ne2 Ra3 24.Bd2 Qb6 25.b4 Ba4 26.c5 Bxc2 {#R} 0-1

[Event "Ch World (juniors) (under 14)"]
[Site "masterchessopen.com Porto Carras (Greece)"]
[Date "2010.10.27"]
[Round "8"]
[White "Sai Krishna G V (IND)"]
[Black "Javidfar Amirsalar (IRI)"]
[Result "1-0"]
[WhiteElo "2337"]
[BlackElo "2040"]

1.e4 c5 2.Nf3 Nc6 3.d4 cxd4 4.Nxd4 g6 5.c4 Nf6 6.Nc3 d6 7.Be2 Nxd4 8.Qxd4 Bg7
9.Be3 a5 10.O-O a4 11.Rad1 O-O 12.Qd2 Qa5 13.Bd4 Bd7 14.Qe3 Ng4 15.Qg3 Bxd4
16.Rxd4 Ne5 17.Nd5 Nc6 18.Rd3 Be6 19.Qh4 Rae8 20.Bd1 Nb4 21.Ra3 Nxd5 22.Bxa4
Qc7 23.Bxe8 Nb6 24.Bb5 Qc5 25.Rc3 Qb4 26.Rfc1 Qxb2 27.Qxe7 Qxa2 28.Qxd6 {#r}
1-0

[Event "It (cat.3)"]
[Site "masterchessopen.com Foment Martinenc (Spain)"]
[Date "2010.10.30"]
[Round "5"]
[White "Perez Manas Benjamin"]
[Black "Beltran Rueda Santiago (ESP)"]
[Result "1-0"]
[WhiteElo "2255"]
[BlackElo "2375"]

1.e4 c5 2.Nf3 Nc6 3.d4 cxd4 4.Nxd4 g6 5.c4 Nf6 6.Nc3 d6 7.Be2 Nxd4 8.Qxd4 Bg7
9.O-O O-O 10.Bg5 Be6 11.Qd2 Rc8 12.Rad1 Re8 13.b3 Qa5 14.Bxf6 exf6 15.Nb5 Qb6
16.Nxd6 Rcd8 17.Qf4 Re7 18.c5 Qc7 19.Qg3 Ra8 20.Rc1 a6 21.Bc4 Bf8 22.Bd5 Bxd5
23.exd5 Rd8 24.Qd3 f5 25.Nxf5 gxf5 26.d6 {#r} 1-0

[Event "It (open)"]
[Site "masterchessopen.com Cerdaniola del Valles (Spain)"]
[Date "2010.11.06"]
[Round "6"]
[White "Fernandez Aguilar Francisco (ESP)"]
[Black "Balague Canadell Jordi (ESP)"]
[Result "0-1"]
[WhiteElo "1927"]
[BlackElo "2044"]

1.e4 c5 2.Nf3 g6 3.d4 cxd4 4.Nxd4 Nc6 5.c4 Nf6 6.Nc3 Nxd4 7.Qxd4 d6 8.Bg5 Bg7
9.Be2 Qa5 10.Qd2 Be6 11.O-O O-O 12.f3 Bxc4 13.Bxc4 Qc5+ 14.Kh1 Qxc4 15.Rac1
Qb4 16.a3 Qb3 17.Bxf6 Bxf6 18.Nd5 Rac8 19.Nxf6+ exf6 20.Qxd6 Rxc1 21.Rxc1 Qxb2
22.Re1 Rc8 23.h3 Qe5 24.Qd2 Qc3 25.Qe2 Qxa3 26.e5 Re8 27.Qb5 Rxe5 28.Rxe5 Qa1+
29.Re1 Qxe1+ 30.Kh2 Qe5+ {#R} 0-1

[Event "It (open)"]
[Site "masterchessopen.com Belgrade (Serbia)"]
[Date "2010.11.26"]
[Round "3"]
[White "Askovic Jovica (SRB)"]
[Black "Jovancev Orce (SRB)"]
[Result "0-1"]
[WhiteElo "2050"]
[BlackElo "1705"]

1.e4 c5 2.Ne2 g6 3.d4 cxd4 4.Nxd4 Nc6 5.c4 Nf6 6.Nc3 d6 7.f3 Nxd4 8.Qxd4 Bg7
9.Nd5 O-O 10.Be3 Nxd5 11.Qxd5 Bxb2 12.Rd1 Bc3+ 13.Kf2 Qa5 14.c5 Bb4 15.cxd6
Qxd5 16.Rxd5 Bxd6 17.Ra5 Be6 18.f4 b6 19.Ra4 Rac8 20.Bd3 Bc5 21.e5 Bxe3+
22.Kxe3 a5 23.Be4 Rb8 24.Rb1 {#R} 0-1

[Event "Ch Europe (active)"]
[Site "masterchessopen.com Warsaw (Poland)"]
[Date "2010.12.18"]
[Round "7"]
[White "Dobrowolski Piotr (POL)"]
[Black "Minina Veronika (RUS)"]
[Result "1-0"]
[WhiteElo "2399"]
[BlackElo "2147"]

1.e4 c5 2.Nf3 Nc6 3.d4 cxd4 4.Nxd4 g6 5.c4 Nf6 6.Nc3 Nxd4 7.Qxd4 Bg7 8.Bg5 d6
9.Qd2 O-O 10.Rc1 Be6 11.f3 Rc8 12.b3 a6 13.Be2 Qa5 14.Na4 Qxd2+ 15.Kxd2 h6
16.Be3 Nd7 17.Nc3 Rc7 18.f4 Nc5 19.Bf3 Rfc8 20.g4 b5 21.f5 b4 22.Ne2 Bd7
23.Nf4 Bc6 24.Bxc5 dxc5 25.fxg6 Bc3+ 26.Ke2 fxg6 27.Nxg6 Kg7 28.Nf4 Rd7
29.Rcd1 Rcd8 30.Ne6+ Kf6 31.Nxd8 {#r} 1-0

[Event "Ch Europe (active)"]
[Site "masterchessopen.com Warsaw (Poland)"]
[Date "2010.12.18"]
[Round "2"]
[White "Gritsak Orest (UKR)"]
[Black "Solnicki Michal (POL)"]
[Result "1-0"]
[WhiteElo "2521"]
[BlackElo "2099"]

1.Nf3 c5 2.c4 Nc6 3.d4 cxd4 4.Nxd4 g6 5.e4 Nf6 6.Nc3 Nxd4 7.Qxd4 d6 8.Be2 Bg7
9.O-O O-O 10.Qe3 Be6 11.Bd2 Nd7 12.Rac1 a5 13.b3 Nc5 14.Rfd1 f5 15.exf5 Rxf5
16.Bg4 Re5 17.Bxe6+ Rxe6 18.Qh3 Qf8 19.Re1 Qf5 20.Qxf5 gxf5 21.Rxe6 Nxe6
22.Nd5 Kf7 23.Re1 Bd4 24.Rxe6 Kxe6 25.Nc7+ Kd7 26.Nxa8 b6 27.Kf1 Kc6 28.Bg5 e5
29.Bd8 Kb7 30.Nc7 Kc8 31.Ne6 {#r} 1-0

[Event "Zt"]
[Site "masterchessopen.com Rotorua (New Zealand)"]
[Date "2011.01.28"]
[Round "5"]
[White "Ikeda Junta (AUS)"]
[Black "Smith Robert W (NZL)"]
[Result "0-1"]
[WhiteElo "2358"]
[BlackElo "2275"]

1.e4 c5 2.Nf3 g6 3.d4 cxd4 4.Nxd4 Nc6 5.c4 Nf6 6.Nc3 d6 7.Be2 Nxd4 8.Qxd4 Bg7
9.Be3 O-O 10.Qd2 Be6 11.f3 Qa5 12.O-O Rfc8 13.b3 a6 14.f4 b5 15.f5 Bd7 16.fxg6
hxg6 17.Rac1 Be6 18.cxb5 axb5 19.Bf3 Ng4 20.Bd4 Ne5 21.Be2 Qb4 22.Kh1 Nf3
23.Rxf3 Bxd4 24.h3 Rc5 25.Rd3 Be5 26.a3 Rxa3 27.Bd1 Ra7 28.Ne2 Qxd2 29.Rxd2
Rxc1 30.Nxc1 Bf4 31.Rc2 Ra1 {#R} 0-1

[Event "Ch Romania (w)"]
[Site "masterchessopen.com Sarata Monteoru (Romania)"]
[Date "2011.02.12"]
[Round "1"]
[White "Copilu Codruta-Alexa (ROM)"]
[Black "Anusca Madalina-Maria (ROM)"]
[Result "0-1"]
[WhiteElo "1576"]
[BlackElo "2070"]

1.e4 c5 2.Nf3 Nc6 3.d4 cxd4 4.Nxd4 g6 5.c4 Nf6 6.Nc3 Nxd4 7.Qxd4 d6 8.Be3 Bg7
9.Qd2 O-O 10.Bd3 a5 11.O-O a4 12.a3 Qa5 13.Qc2 Be6 14.Nb5 Rfc8 15.Bd2 Qb6
16.Qd1 Bxc4 17.Bxc4 Rxc4 18.Nc3 Nxe4 19.Nxe4 Rxe4 20.Bc3 Bxc3 21.bxc3 Qc6
22.Qd3 Rc4 23.Rfc1 Rc8 {#R} 0-1

[Event "Ch Romania (w)"]
[Site "masterchessopen.com Sarata Monteoru (Romania)"]
[Date "2011.02.14"]
[Round "3"]
[White "Foisor Cristina Adela (ROM)"]
[Black "Sgircea Silvia-Raluca (ROM)"]
[Result "1-0"]
[WhiteElo "2416"]
[BlackElo "2240"]

1.c4 c5 2.Nf3 Nc6 3.d4 cxd4 4.Nxd4 g6 5.e4 Nf6 6.Nc3 d6 7.f3 Nxd4 8.Qxd4 Bg7
9.Be3 O-O 10.Qd2 Be6 11.Rc1 a5 12.b3 Nd7 13.Be2 Nc5 14.O-O Qb6 15.Kh1 Qb4
16.Rfd1 Rfc8 17.Rc2 Ra6 18.Qc1 Qb6 19.f4 f5 20.e5 Qc6 21.exd6 exd6 22.Bf3 Ne4
23.Nb5 Rd8 24.a4 Qd7 25.Bd4 Bxd4 26.Bxe4 Bc5 27.Bf3 Qg7 28.Re2 Bc8 29.Rde1 Kf8
30.Re7 Qxe7 31.Rxe7 Kxe7 32.Qc3 {#r} 1-0

[Event "Ch Brazil (amateurs)"]
[Site "masterchessopen.com Sao Paulo (Brazil)"]
[Date "2011.03.07"]
[Round "5"]
[White "Reda Caique Melo"]
[Black "Silva Igor Dos Santos (BRA)"]
[Result "0-1"]
[WhiteElo "1861"]
[BlackElo "1946"]

1.e4 c5 2.Nf3 Nc6 3.d4 cxd4 4.Nxd4 g6 5.c4 Nf6 6.Nc3 Nxd4 7.Qxd4 d6 8.Be2 Bg7
9.Be3 O-O 10.Qd1 Be6 11.O-O Qa5 12.Rc1 Rfc8 13.b3 b5 14.e5 dxe5 15.Nxb5 Rd8
16.Qc2 Bf5 17.Qb2 Bd3 18.b4 Qa4 19.Rc3 Bxe2 20.Qxe2 Rd7 21.Rb3 Ne4 22.Qb2 Qa6
23.Rc1 Rad8 24.Qe2 Qxa2 25.Nd4 Qxe2 {#R} 0-1

[Event "Memorial G.Agzamov (open)"]
[Site "masterchessopen.com Tashkent (Uzbekistan)"]
[Date "2011.03.18"]
[Round "1"]
[White "Ismagambetov Anuar (KAZ)"]
[Black "Golubev Roman (UZB)"]
[Result "1-0"]
[WhiteElo "2500"]
[BlackElo "2148"]

1.e4 c5 2.Nf3 Nc6 3.d4 cxd4 4.Nxd4 g6 5.c4 Nf6 6.Nc3 Nxd4 7.Qxd4 d6 8.Bg5 Bg7
9.Qd2 O-O 10.Bd3 Be6 11.Rc1 Nd7 12.b3 Nc5 13.Bb1 a5 14.O-O Rc8 15.Rfe1 Re8
16.f4 Qb6 17.Kh1 f6 18.Bh4 a4 19.f5 Bf7 20.Nd5 Bxd5 21.Qxd5+ e6 22.fxe6 Rxe6
23.Bf2 Kf7 24.Bc2 Qb4 25.bxa4 Rc7 26.Bd4 Qa3 27.Rb1 Qxa2 28.Rb2 Qa3 29.Rb6 Qa2
30.Bxc5 {#r} 1-0

[Event "Tournament (juniors) (under 18) (g)"]
[Site "masterchessopen.com Florencia (Colombia)"]
[Date "2011.04.01"]
[Round "3"]
[White "Velez Alvarez Laura Camila"]
[Black "Chavez Diana Maria (COL)"]
[Result "0-1"]
[WhiteElo "1651"]
[BlackElo "1860"]

1.e4 c5 2.Nf3 g6 3.d4 cxd4 4.Nxd4 Nc6 5.c4 Nf6 6.Nc3 d6 7.Be3 Ng4 8.Bc1 Qb6
9.Be3 Nxe3 10.fxe3 Bg7 11.Nd5 Qd8 12.Qd2 O-O 13.h4 Bg4 14.Be2 Bxe2 15.Kxe2 Ne5
16.b3 h5 17.Rag1 Ng4 18.Rf1 e6 19.Nc3 Bh6 20.Rf3 a6 21.Nd1 d5 22.exd5 exd5
23.cxd5 Qxd5 24.Rhh3 Rad8 25.Nf2 Nxe3 26.Rxe3 Bxe3 27.Rxe3 Qxd4 28.Qxd4 Rxd4
29.g3 {#R} 0-1

[Event "Ch Romania (juniors) (under 12) (g)"]
[Site "masterchessopen.com Caciulata (Romania)"]
[Date "2011.04.14"]
[Round "6"]
[White "Copilu Codruta-Alexa"]
[Black "Salim Arzu"]
[Result "1-0"]
[WhiteElo "1540"]
[BlackElo "1452"]

1.e4 c5 2.Nf3 Nc6 3.d4 cxd4 4.Nxd4 g6 5.c4 Nf6 6.Nc3 d6 7.f3 Nxd4 8.Qxd4 Bg7
9.Be3 O-O 10.Qd2 a5 11.Be2 a4 12.a3 Qa5 13.O-O Be6 14.f4 Rac8 15.Nd5 Qxd2
16.Nxe7+ Kh8 17.Bxd2 Rce8 18.Bb4 Nxe4 19.Bd3 Bd4+ 20.Kh1 Nf2+ 21.Rxf2 Bxf2
22.Bxd6 Rd8 23.c5 Rfe8 24.Be5+ {#r} 1-0

[Event "It (open)"]
[Site "masterchessopen.com Lugano (Switzerland)"]
[Date "2011.04.23"]
[Round "3"]
[White "Colmenares Aurelio (SUI)"]
[Black "Cavaletto Massimo (SUI)"]
[Result "0-1"]
[WhiteElo "2278"]
[BlackElo "2174"]

1.e4 c5 2.Nf3 g6 3.d4 cxd4 4.Nxd4 Nc6 5.c4 Nf6 6.Nc3 d6 7.Be2 Nxd4 8.Qxd4 Bg7
9.Be3 O-O 10.Qd2 Be6 11.O-O Qa5 12.f3 Rfc8 13.b3 Kf8 14.Rac1 a6 15.Rfd1 b5
16.cxb5 axb5 17.Nxb5 Rxc1 18.Qxc1 Qxa2 19.Nc7 Rb8 20.Nxe6+ fxe6 21.Bf2 {#R}
0-1

[Event "Ch Russia (active)"]
[Site "masterchessopen.com Olginka (Russia)"]
[Date "2011.04.26"]
[Round "9"]
[White "Romanov Evgeny (RUS)"]
[Black "Andreikin Dmitry (RUS)"]
[Result "0-1"]
[WhiteElo "2639"]
[BlackElo "2705"]

1.c4 c5 2.Nf3 g6 3.d4 cxd4 4.Nxd4 Nc6 5.e4 Nf6 6.Nc3 Nxd4 7.Qxd4 d6 8.Bg5 Bg7
9.Qd2 O-O 10.Bd3 a5 11.O-O a4 12.Rac1 Qa5 13.Rc2 Re8 14.Rfc1 Bd7 15.Nd5 Qd8
16.Nxf6+ Bxf6 17.Bxf6 exf6 18.Qb4 Bc6 19.f3 Re5 20.Rd2 f5 21.exf5 Qg5 22.Rf1
Qe3+ 23.Kh1 gxf5 24.Rdd1 Qh6 25.Qd2 f4 26.Rfe1 Rh5 27.Be4 Rxh2+ 28.Kg1 Re8
29.Qd4 Rh1+ 30.Kf2 Qh4+ 31.Ke2 Rxe1+ 32.Rxe1 f5 {#R} 0-1

[Event "Cup Limpedea (cat.9)"]
[Site "masterchessopen.com Baia Sprie (Romania)"]
[Date "2011.05.26"]
[Round "4"]
[White "Smith Bryan G (USA)"]
[Black "Nanu Ciprian-Costica (ROM)"]
[Result "1-0"]
[WhiteElo "2497"]
[BlackElo "2526"]

1.e4 c5 2.Nf3 Nc6 3.d4 cxd4 4.Nxd4 g6 5.c4 Nf6 6.Nc3 Nxd4 7.Qxd4 d6 8.Be3 Bg7
9.f3 O-O 10.Qd2 a5 11.b3 a4 12.b4 Be6 13.Rc1 Qb8 14.Be2 Rc8 15.Nb5 Nd7 16.Nd4
Rc7 17.a3 Qe8 18.Nxe6 fxe6 19.O-O Rac8 20.f4 Bh6 21.e5 dxe5 22.fxe5 Bg7 23.Bg4
Nf8 24.b5 Kh8 25.Qb4 Ra8 26.c5 Rd7 27.c6 bxc6 28.bxc6 Rc7 29.Bb6 Bxe5 30.Qe4
Bd6 31.Bd4+ {#r} 1-0